Culture Générale - Série 26 - Statistiques

Statistiques générales
  • Ce quiz a été pris 2 451 fois
  • Le résultat moyen est 5 sur 10
Statistiques - réponses
Question Réponse % Correct
Dans quel pays se trouve la majeure partie de la Mésopotamie ? Irak
67%
Quand a eu lieu le dernier référendum en France ? 2005
65%
Qui a le premier développé la théorie de la terre tournant autour du soleil, lui-même centre de l'univers ? Nicolas Copernic
59%
Qui est l'épouse d'Ulysse dans l'Odyssée d'Homère ? Pénélope
59%
Quel ministre de la Justice a fait voter la loi sur l'abolition de la peine de mort ? Robert Badinter
56%
Qui a écrit "Les Contemplations" ? Victor Hugo
48%
Qui a écrit le texte de la chanson "Le déserteur" ? Boris Vian
42%
Quelle était la capitale de la RFA ? Bonn
41%
Avec Gargantua, qui est le second personnage créé par Rabelais ? Pantagruel
39%
Qui a composé la « Symphonie Du nouveau Monde » ? Antonin Dvorak
21%
Aucun quiz correspondant
Distribution des résultats
% des personnes avec chaque résultat
Percentile par nombre de réponses
Votre historique - résultats
Vous n’avez pas pris ce quiz